Mots aléatoires en italien - Statistiques

Statistiques générales
  • Ce quiz a été pris 12 251 fois
  • Le résultat moyen est 15 sur 20
Statistiques - réponses
Mot Traduction % Correct
Dicembre Décembre
98%
Grande Grand
98%
Luna Lune
98%
Grazie Merci
98%
Ottobre Octobre
98%
Polizia Police
98%
Rosa Rose
98%
Settembre Septembre
98%
Tempo Temps
98%
Bianco Blanc
97%
Aqua Eau
97%
Bambino Enfant
97%
Guerra Guerre
97%
Madre Mère
97%
Montagna Montagne
97%
Quattro Quatre
97%
Terra Terre
97%
Uno Un
97%
Verde Vert
97%
Macchina Voiture/Machine
97%
Animale Animal
96%
Bello Beau
96%
Cento Cent
96%
Cinque Cinq
96%
Due Deux
96%
Dormire Dormir
96%
Elefante Éléphant
96%
Festa Fête
96%
Fratello Frère
96%
Lunedì Lundi
96%
Casa Maison
96%
Carta Papier
96%
Patata Patate
96%
Padre Père
96%
Vino Vin
96%
Bene Bien
95%
Buongiorno Bonjour
95%
Ciocolatto Chocolat
95%
Cielo Ciel
95%
Studiare Étudier
95%
Gentile Gentil
95%
Mercoledì Mercredi
95%
Novembre Novembre
95%
Tre Trois
95%
Vacanze Vacances
95%
Argento Argent
94%
Autunno Automne
94%
Aprile Avril
94%
Bello Beau
94%
Blu Bleu
94%
Bocca Bouche
94%
Limone Citron
94%
Frutta Fruit
94%
Mano Main
94%
Mangiare Manger
94%
Martedì Mardi
94%
Parlare Parler
94%
Piede Pied
94%
Rosso Rouge
94%
Ciao Salut
94%
Serpente Serpent
94%
Volare Voler
94%
Arrivederci Au revoir
93%
Balena Baleine
93%
Buono Bon
93%
Cantare Chanter
93%
Latte Lait
93%
Vento Vent
93%
Carne Viande
93%
Marzo Mars
92%
Morire Mourir
92%
Muro Mur
92%
Venerdì Vendredi
92%
Vivere Vivre
92%
Scrivere Écrire
91%
Febbraio Février
91%
Giorno Jour
91%
Lingua Langue
91%
Male Mal
91%
Nero Noir
91%
Piazza Place
91%
Agosto Août
90%
Piccolo Petit
90%
Pesce Poisson
90%
Sale Sel
90%
Gatto Chat
89%
Domenica Dimanche
89%
Scuola École
89%
Uomo Homme
89%
Naso Nez
89%
Pane Pain
89%
Pompiere Pompier
89%
Compleanno Anniversaire
88%
Castello Chateau
88%
Domani Demain
88%
Dieci Dix
88%
Stella Étoile
88%
Viola Mauve/Violet
88%
Mettere Mettre
88%
Bestia Bête
87%
Drago Dragon
87%
Avere Avoir
86%
Fiore Fleur
86%
Nonna Grand-mère
86%
Inverno Hiver
86%
Libbro Livre
86%
Mare Mer
86%
Più Plus
86%
Sabato Samedi
86%
Basso Bas
85%
Correre Courir
85%
Medico Médecin
85%
Bagno Bain
84%
Figlio Fils
84%
Leone Lion
84%
Sole Soleil
84%
Bruno Brun
83%
Dente Dent
83%
Notte Nuit
83%
Andare Aller
82%
Coccodrillo Crocodile
82%
Figlia Fille
82%
Orologio Horloge
82%
Olio Huile
82%
Cavallo Cheval
81%
Destra Droite
81%
Sorella Sœur
81%
Donna Femme
80%
Lampada Lampe
80%
Ora Maintenant/Heure
80%
Arancia Orange
80%
Primavera Printemps
80%
Zucchero Sucre
80%
Treno Train
80%
Bere Boire
79%
Capelli Cheveux
79%
Cane Chien
79%
Giovedì Jeudi
79%
Orecchio Oreille
79%
Caldo Chaud
78%
Ferro Fer
78%
Nonno Grand-père
78%
Erba Herbe
77%
Gamba Jambe
77%
Orso Ours
77%
Mela Pomme
77%
Toro Taureau
77%
Essere Être
76%
Oggi Aujourd'hui
75%
Cugino Cousin
75%
Ballare Danser
75%
Davanti Devant
75%
Freddo Froid
75%
Mezzogiorno Midi
75%
Pace Paix
75%
Povero Pauvre
75%
Tavola Table
75%
Braccio Bras
74%
Delfino Dauphin
74%
Alto Haut
74%
Uovo Œuf
74%
Pesca Pêche
74%
Zio Oncle
73%
Cappello Chapeau
72%
Scala Échelle
72%
Ieri Hier
72%
Gennaio Janvier
72%
Oro Or
72%
Vedere Voir
72%
Faccia Face
71%
Lupo Loup
71%
Meno Moins
71%
Cuore Cœur
70%
Ascoltare Écouter
70%
Giugno Juin
70%
Mezzanotte Minuit
70%
Arancione Orange
70%
Zia Tante
70%
Fragola Fraise
69%
Verdura Légume
69%
Occhio Œil
69%
Pera Poire
69%
Tartaruga Tortue
69%
Fortuna Chance
68%
Leggere Lire
68%
Lontano Loin
68%
Aereo Avion
67%
Luce Lumière
67%
Maggio Mai
67%
Testa Tête
66%
Giovane Jeune
65%
Vecchio Vieux
65%
Fuoco Feu
64%
Sinistra Gauche
64%
Gemelli Jumeaux
64%
Letto Lit
64%
Ricco Riche
64%
Giro Tour
64%
Griggio Gris
63%
Neve Neige
63%
Ridere Rire
63%
Occhiali Lunettes
62%
Natale Noël
62%
Estate Été
61%
Insetto Insecte
61%
Spiaggia Plage
61%
Aglio Ail
59%
Luglio Juillet
59%
Sedia Chaise
58%
Pepe Poivre
58%
Vicino Près
58%
Chiesa Église
57%
Giallo Jaune
57%
Gallina Poule
57%
Foglia Feuille
56%
Strada Route
56%
Soldi Argent
55%
Brutto Laid
55%
Saltare Sauter
54%
Aria Air
52%
Albero Arbre
52%
Dietro Derrière
52%
Torta Gateau
52%
Pioggia Pluie
50%
Squalo Requin
49%
Nave Bateau
47%
Gallo Coq
47%
Croce Croix
47%
Penna Plume
45%
Cerchio Cercle
43%
Maiale Cochon
43%
Nuvola Nuage
40%
Mucca Vache
39%
Pelo Poil
38%
Pugno Poing
38%
Dito Doigt
37%
Ape Abeille
36%
Fiume Fleuve
36%
Uccello Oiseau
36%
Spada Épée
35%
Cadere Tomber
35%
Ruota Roue
34%
Ragno Araignée
33%
Asino Âne
31%
Grido Cri
31%
Ghiaccio Glace
31%
Aquila Aigle
26%
Buio Obscurité
25%
Pecora Mouton
24%
Suocero Beau-père
22%
Anatra Canard
19%
Cognato Beau-frère
18%
Suocera Belle-mère
17%
Fulmine Foudre
17%
Petto Poitrine
16%
Aucun quiz correspondant
Distribution des résultats
% des personnes avec chaque résultat
Percentile par nombre de réponses
Votre historique - résultats
Vous n’avez pas pris ce quiz